Estatísticas para Campeões Brasileiros de Handebol

Clique aqui para jogar o quiz

Estatísticas Gerais

  • Esse quiz foi jogado 17 vezes
  • A pontuação média é 3 de 5

Estatísticas das Respostas

AnoEstadoCampeão% Correto
2018-17, 2015, 2012-09, 2007SPEC Pinheiros
100%
2021-19, 2016, 2014-13SPHandebol Taubaté
58%
2006, 2004, 2002-97SPAAA Metodista
33%
2008, 2005PRALE Londrina
33%
2003SPIMES/São Caetano
33%

Distribuição das Pontuações

Percentil de Números Respondidos

Porcentagem de Pessoas com Cada Pontuação

Sua Pontuação Histórica

Você não jogou esse quiz